You are an artist: (Record no. 16811)
[ view plain ]
| 000 -LEADER | |
|---|---|
| fixed length control field | 00699nam a22002411 4500 |
| 001 - CONTROL NUMBER | |
| control field | 16811 |
| 003 - CONTROL NUMBER IDENTIFIER | |
| rucl marc code | BD-RjUL |
| 005 - DATE AND TIME OF LATEST TRANSACTION | |
| control field | 20211209000043.0 |
| 008 - FIXED-LENGTH DATA ELEMENTS--GENERAL INFORMATION | |
| fixed length control field | 140215r19671965enka 000 0 eng |
| 035 ## - SYSTEM CONTROL NUMBER | |
| System control number | (BD-RjUL)16866 |
| 040 ## - CATALOGING SOURCE | |
| Original cataloging agency | DLC |
| Transcribing agency | DLC |
| Modifying agency | DLC |
| -- | BD-RjUL |
| Language of cataloging | eng |
| 041 ## - LANGUAGE CODE | |
| Language code of text/sound track or separate title | eng |
| 082 00 - DEWEY DECIMAL CLASSIFICATION NUMBER | |
| Classification number | 701.8 |
| Author mark and year | GEY |
| 100 1# - MAIN ENTRY--PERSONAL NAME | |
| Personal name | Gettings, Fred. |
| 9 (RLIN) | 51919 |
| 245 10 - TITLE STATEMENT | |
| Title | You are an artist: |
| Remainder of title | a practical approach to art / |
| Statement of responsibility, etc. | Fred Getttings |
| 260 ## - PUBLICATION, DISTRIBUTION, ETC. (IMPRINT) | |
| Place of publication, distribution, etc. | London : |
| Name of publisher, distributor, etc. | Hamlyn, |
| Date of publication, distribution, etc. | 1965 [reprinted 1967] |
| 300 ## - PHYSICAL DESCRIPTION | |
| Pagination | 143 p. : |
| Illustrations | 2 fronts. (incl. 1 col.), illus. (some col.) : |
| Size | 27 cm. |
| 350 ## - PRICE (NR) (BK AM CF MU VM SE) [OBSOLETE] | |
| Price | 21/- |
| 650 #0 - SUBJECT ADDED ENTRY--TOPICAL TERM | |
| Topical term or geographic name as entry element | Art |
| General subdivision | Technique. |
| 9 (RLIN) | 51920 |
| 942 ## - ADDED ENTRY ELEMENTS (KOHA) | |
| Source of classification or shelving scheme | Dewey Decimal Classification |
| Koha item type | Books |
| Lost status | Source of classification or shelving scheme | Damaged status | Not for loan | Collection code | Permanent Location | Current Location | Shelving location | Date acquired | Source of acquisition | Cost, normal purchase price | Total Checkouts | Full call number | Date last seen | Copy number | Koha item type |
|---|---|---|---|---|---|---|---|---|---|---|---|---|---|---|---|
| Dewey Decimal Classification | Not For Loan | Non-fiction | Central Library, University of Rajshahi | Central Library, University of Rajshahi | Reading Room | 09/02/1973 | Bangladesh Commerce Ltd. | 23.10 | 701.8 GEY 1967 | 15/02/2014 | C-1 | Books |